000 00639nam a22001817a 4500
999 _c25
_d25
003 AR-CdUCM
008 190220b ||||| |||| 00| 0 spa d
040 _aMUNICIPALIDAD PROVINCIAL DEL CUSCO
_cBIBLIOTECA MUNICIPAL DEL CUSCO
082 _a869.56 /
_bN94
100 _aEstuardo, Nuñes
_9131
245 _aLa Literatura Peruana en el Siglo XX :
_b(1900-1965) /
_cEstuardo Nuñes
260 _aMexico D.F:
_bPomarca S.A ,
_c1965.
300 _a256 páginas ;
_c20cm.
505 _aLiteratura Peruana del Siglo XX -- Ricardo Palma -- Jose Maria Eguren ...
650 _aLiteratura Peruana
_9132
942 _2ddc
_cLIBROS
945 _artm
_d2019-02-19